[Event "Muensterland-ch U16"]
[Site "Ochtrup"]
[Date "2003.04.12"]
[Round "3"]
[White "Bronstein, Leo"]
[Black "Ratkovitch, Dimitri"]
[Result "0-1"]
[WhiteElo "1267"]
[BlackElo "1575"]
[PlyCount "100"]
[EventDate "2003.04.??"]
[EventType "tourn"]
[EventRounds "5"]
[EventCountry "GER"]
[SourceTitle "EXT 2005"]
[Source "ChessBase"]
[SourceDate "2004.11.15"]
[SourceVersion "1"]
[SourceVersionDate "2004.11.15"]
[SourceQuality "1"]

1. Nf3 Nf6 2. g3 g6 3. Bg2 Bg7 4. Nc3 d6 5. d3 0-0 6. 0-0 e5 7. e4 Nc6 8. Rb1 a5 9. a3 a4 10. b4 axb3 11. cxb3 Be6 12. b4 Nd7 13. Ng5 Nd4 14. Nxe6 Nxe6 15. a4 c5 16. b5 Nd4 17. Ra1 Nb6 18. a5 Qd7 19. Bb2 Nc8 20. b6 Nc6 21. Nd5 Rxa5 22. Qb3 Rxa1 23. Rxa1 N6e7 24. Nc7 Qc6 25. Na8 Kh8 26. Bc1 Ng8 27. Bh3 Nf6 28. Bxc8 Qxc8 29. Bg5 Qc6 30. Bxf6 Bxf6 31. Nc7 Bd8 32. Ra8 Kg7 33. Qb5 Qxb5 34. Nxb5 Be7 35. Ra7 Rb8 36. Kf1 Kf8 37. Nc7 Bd8 38. Nd5 Ke8 39. f4 Kd7 40. Ra1 Kc6 41. Rb1 Ra8 42. Rc1 Ra3 43. fxe5 dxe5 44. Ke2 Ra2+ 45. Kf3 Rxh2 46. Rb1 Ra2 47. Kg4 f5+ 48. Kf3 Ra3 49. Ke3 Bg5+ 50. Kf2 Rxd3 0-1